书目信息 |
| 题名: |
田径
|
|
| 作者: | ;体育院系教材编审委员会 编 | |
| 分册: | 上册 | |
| 出版信息: | 北京 人民体育出版社 1978 |
|
| 页数: | 219页 | |
| 开本: | 19cm | |
| 丛书名: | ||
| 单 册: | ||
| 中图分类: | G82 | |
| 科图分类: | ||
| 主题词: | 田径运动--高等学校--教材 | |
| 电子资源: | ||
| ISBN: | ||
| 000 | 00748nam0 2200241 45 | |
| 001 | 0178004951 | |
| 005 | 20060811151504.70 | |
| 010 | @dCNY0.88 | |
| 091 | @a7015.1669 | |
| 100 | @a19950717d1978 em y0chiy0121 ea | |
| 101 | 0 | @achi |
| 102 | @aCN@b110000 | |
| 105 | @ay z 000yy | |
| 200 | 10 | @a田径@Atian jing@h上册@f体育院、系教材编审委员会《田径》编写组编 |
| 210 | @a北京@c人民体育出版社@d1978 | |
| 215 | @a219页@d19cm | |
| 300 | @a体育系通用教材 | |
| 300 | @a内部发行 | |
| 606 | @a田径运动@x高等学校@x教材 | |
| 690 | @aG82@v3 | |
| 711 | 02 | @a体育院系教材编审委员会@Ati yu yuan xi jiao cai bian shen wei yuan hui@4编 |
| 801 | 0 | @aCN@bNLC@c20060811 |
| 905 | @f9@b1980-988@dG82@e2:1@b1990@f1@f1@b1993@f1@b1992@f4@b149876-879@f2@b72771-772 | |
| 田径.上册/体育院、系教材编审委员会《田径》编写组编.-北京:人民体育出版社,1978 |
| 219页;19cm |
| 体育系通用教材.-内部发行 |
| ISBN :CNY0.88 |
| ● |
| 相关链接 |
|
|
|
|
正题名:田径
索取号:G82/2:1
 
预约/预借
| 序号 | 登录号 | 条形码 | 馆藏地/架位号 | 状态 | 备注 |
| 1 | 0001980 | 000997443 | 密集书库/ [索取号:G82/2:1] | 在馆 | |
| 2 | 0001981 | 000996532 | 密集书库/ [索取号:G82/2:1] | 在馆 | |
| 3 | 0001982 | 000290599 | 密集书库/ [索取号:G82/2:1] | 在馆 | |
| 4 | 0001983 | 000996541 | 密集书库/ [索取号:G82/2:1] | 在馆 | |
| 5 | 0001984 | 000996603 | 密集书库/ [索取号:G82/2:1] | 在馆 | |
| 6 | 0001985 | 000290580 | 密集书库/ [索取号:G82/2:1] | 在馆 | |
| 7 | 0001986 | 000996569 | 密集书库/ [索取号:G82/2:1] | 在馆 | |
| 8 | 0001987 | 000996499 | 密集书库/ [索取号:G82/2:1] | 在馆 | |
| 9 | 0001988 | 000996550 | 密集书库/ [索取号:G82/2:1] | 在馆 | |
| 10 | 0001990 | 000996523 | 密集书库/ [索取号:G82/2:1] | 在馆 | |
| 11 | 0001992 | 000997363 | 密集书库/ [索取号:G82/2:1] | 在馆 | |
| 12 | 0001993 | 000997434 | 密集书库/ [索取号:G82/2:1] | 在馆 | |
| 13 | 0072771 | 000290642 | 密集书库/ [索取号:G82/2:1] | 在馆 | |
| 14 | 0072772 | 000996587 | 密集书库/ [索取号:G82/2:1] | 在馆 | |
| 15 | 0149876 | 000997416 | 密集书库/ [索取号:G82/2:1] | 在馆 | |
| 16 | 0149877 | 000290633 | 密集书库/ [索取号:G82/2:1] | 在馆 | |
| 17 | 0149878 | 000290571 | 密集书库/ [索取号:G82/2:1] | 在馆 | |
| 18 | 0149879 | 000997425 | 密集书库/ [索取号:G82/2:1] | 在馆 | |
| 19 | 0441124 | 204411243 | 密集书库/ [索取号:G82/2:1] | 在馆 | |
| 20 | 0441126 | 204411261 | 密集书库/ [索取号:G82/2:1] | 在馆 | |
| 21 | 0447455 | 204474559 | 密集书库/ [索取号:G82/2:1] | 在馆 | |
| 22 | 0447566 | 204475665 | 密集书库/ [索取号:G82/2:1] | 在馆 | |
| 23 | 0448109 | 204481097 | 密集书库/ [索取号:G82/2:1] | 在馆 | |
| 24 | 0448110 | 204481104 | 密集书库/ [索取号:G82/2:1] | 在馆 | |
| 25 | 0448734 | 204487340 | 密集书库/ [索取号:G82/2:1] | 在馆 |